1789 1635 1397 1581 1772 1520 1708 1118 1573 1002 1721 1550 1731 1085 1125 1062 1337 1454 1690 1535 1678 1692 1033 1885 1559 1231 1516 1868 1378 1940 1810 1416 1699 1882 1905 1850 1473 1969 1352 1111 1740 1192 1123 1502 1012 1004 1443 1970 1290 1529 1268 1778 1921 1247 1599 1184 1701 1594 1435 1326 1537 1269 1750 1121 1090 1234 1029 1099 1758 1222 1705 1696 1782 1230 1386 1665 1887 1904 1172 1677 1675 1621 1924 1654 1066 1038 1283 1178 1023 1282 1966 1332 1881 1489 1260 1315 1078 1639 1657 BCNSPRNW ULIB Ver.6.0+V

เปลี่ยนเป็นภาษาไทย

Change to English
 แสดงรายละเอียดบรรณานุกรม
  กลับหน้าหลัก

Brief Record : Get Marc (ISO 2709) : E-mail record : QR code < ปิดหน้าต่าง
LEADER : 00000nam 2200000uu 4500
001    13399114308
003     ULIB
008    120321s2550||||th 000 0 tha d
020    ^a9789748290232
090    ^aนว.^bส935ห 2550
100 0  ^aแสตมป์เบอรี่
245 00 ^alove land หัวใจกิ๊กกั๊กคู่รักอลเวง/^cแสตมป์เบอรี่
250    ^aพิมพ์ครั้งที่ 1
260    ^aกรุงเทพฯ :^bแจ่มใส,^c2550
300    ^a229 หน้า
710 1  ^aแจ่มใส
945    ^p169^l0^i14448
995    ^aกัณชพร
999    ^aใช้งานได้ทุกระบบ
รายการนี้ยังไม่มีแท็ก
คุณยังไม่ได้ล็อกอิน คุณสามารถมีกิจกรรมร่วมกับเว็บไซต์ได้ แต่ต้องล็อกอินก่อน ::
  ล็อกอิน

รายการสื่อสารสนเทศ

ลำดับที่ ประเภท เลขเรียก/บาร์โค้ด สถานที่ สถานะ
1. นวนิยาย
นวนิยาย
นว. ส935ห 2550  
  Barcode: 14448
ห้องสมุดวิทยาเขตสวรรค์ประชารักษ์
►นวนิยาย
บนชั้น
  ขอยืม

รายการใกล้เคียง
    ผู้แต่ง [แสตมป์เบอรี่]

BibComment


ยังไม่เคยถูกคอมเมนท์

คอมเมนท์ทรัพยากรรายการนี้
  คอมเมนท์: love land หัวใจก..


 Copyright 2026. Bcnsprnw @Library